Dining in style

Bibliographic Details
Main Author: Wexler, Madelin
Format: Book
Published: New York : PBC Internasional , 1996
Subjects:

MARC

LEADER 00000cam a2200000 7i4500
001 0000011621
005 20050503.0
020 |a 0866364323 
040 |a INS 
090 0 0 |a TX907   |b W474 1996 
100 1 |a Wexler, Madelin 
245 1 0 |a Dining in style   |c Madelin Wexler 
260 |a New York :   |b PBC Internasional ,   |c 1996 
300 |a 153p :   |b 26cm 
650 0 0 |a Hotel   |x Guidebook 
999 |a 0000011412   |b BOOK   |c Open Shelf   |e Default branch